000 00417nam a22001697a 4500
003 MPLRDC
005 20220104142500.0
008 210129b ||||| |||| 00| 0 eng d
082 _a220.135 LY
100 _a凌云编著
245 _a平常心
_c
250 _a三版
260 _a
_b汉欣文化事业有限公司
_c1986
300 _b
650 _a佛教教理各论--修道论
942 _cBK
_o220.135 LY
999 _c31257
_d31247